League of Legends - Freljord - Statistiken

Allgemein
  • Dieses Quiz wurde 362 mal gespielt
  • Das Durchschnittsergebnis liegt bei 10 aus 14
Antwortstatistiken
Antwort % Korrekt
Ashe
99%
Sejuani
91%
Anivia
88%
Lissandra
85%
Braum
84%
Tryndamere
81%
Volibear
78%
Ornn
74%
Olaf
69%
Trundle
63%
Udyr
56%
Nunu & Willump
49%
Gragas
44%
Gnar
34%
Keine übereinstimmenden Quizze gefunden
Verteilung der Resultate
Anzahl Personen mit jedem Resultat
Perzentil nach korrekt beantworteten Fragen
Ihre Resultats-Entwicklung
Sie haben dieses Quiz noch nicht gespielt